000
00306nam a22001337a 4500
008
170426b xxu||||| |||| 00| 0 eng d
020
_a
9780697120014
041
_a
eng
080
_a
54
100
_a
12
101
_a
SHM
245
_a
INORGANIC, ORGANIC, & BIOLOGICAL CHEMISTRY
_c
CARET
942
_2
udc
_c
BK
999
_c
12159
_d
12159